One-Third Missing Word: Movies Quiz Stats

 Plays Quiz Updated Jun 3, 2016

Challenge
Share
Tweet
Embed
Score 0/40 Timer 06:00
3 Plays Today
Movie Title Missing Third % Correct
Willy ___ & the ___ FactoryWilly Wonka & the Chocolate Factory
93.5%
The Day the ___ Stood ___The Day the Earth Stood Still
90.8%
Monty ___ and the ___ GrailMonty Python and the Holy Grail
90.7%
___ Flew Over the Cuckoo's ___One Flew Over the Cuckoo's Nest
89.3%
___ Cassidy and the ___ KidButch Cassidy and the Sundance Kid
86.2%
___ Upon a ___ in AmericaOnce Upon a Time in America
85.1%
All ___ on the ___ FrontAll Quiet on the Western Front
82.6%
The ___ Case of ___ ButtonThe Curious Case of Benjamin Button
81.2%
Close ___ of the ___ KindClose Encounters of the Third Kind
78.8%
___ on a Hot Tin ___Cat on a Hot Tin Roof
74.8%
The ___ Who ___ Too MuchThe Man Who Knew Too Much
73.5%
___ Jones and the Last ___Indiana Jones and the Last Crusade
72.9%
___ the Heat of the ___In the Heat of the Night
72.8%
The ___ on the ___ KwaiThe Bridge on the River Kwai
71.7%
Born on the ___ of ___Born on the Fourth of July
69.1%
Eternal ___ of the ___ MindEternal Sunshine of the Spotless Mind
66.7%
Lock, ___ and Two ___ BarrelsLock, Stock and Two Smoking Barrels
59.6%
___ and ___ in Las VegasFear and Loathing in Las Vegas
54.8%
___ Don't Mess With the ___You Don't Mess With the Zohan
52.2%
And Now for ___ Completely ___And Now for Something Completely Different
52.2%
Movie Title Missing Third % Correct
The Man ___ Fell to ___The Man Who Fell to Earth
51.8%
You Can't ___ It ___ YouYou Can't Take It With You
48.2%
What Ever ___ to ___ Jane?What Ever Happened to Baby Jane?
47.8%
To ___ and ___ in L.A.To Live and Die in L.A.
46.1%
The Best ___ of Our ___The Best Years of Our Lives
42.2%
The Man Who ___ ___ ValanceThe Man Who Shot Liberty Valance
40.3%
The ___ of the Sierra ___The Treasure of the Sierra Madre
40%
Before the ___ Knows You're ___Before the Devil Knows You're Dead
39.5%
The Man ___ the ___ ArmThe Man With the Golden Arm
39.3%
Mad ___ 2: The Road ___Mad Max 2: The Road Warrior
37.3%
Never ___ Sweets from a ___Never Take Sweets from a Stranger
37%
The ___ of Miss ___ BrodieThe Prime of Miss Jean Brodie
22.9%
___ Garrett & ___ the KidPat Garrett & Billy the Kid
20.9%
The ___ Is a ___ HunterThe Heart Is a Lonely Hunter
20.6%
The Masque of the ___ ___The Masque of the Red Death
19.9%
Twin ___: Fire ___ With MeTwin Peaks: Fire Walk With Me
19.6%
The ___ Bell and the ___The Diving Bell and the Butterfly
17.2%
___: Portrait of a ___ KillerHenry: Portrait of a Serial Killer
11.6%
The ___ Life of ___ HolmesThe Private Life of Sherlock Holmes
8.4%
The ___ ___ of the BourgeoisieThe Discreet Charm of the Bourgeoisie
4.4%

You're not logged in!

Compare scores with friends on all Sporcle quizzes.
OR
Log In

You Might Also Like...

Show Comments

Extras

Top Quizzes Today


Score Distribution

Your Account Isn't Verified!

In order to create a playlist on Sporcle, you need to verify the email address you used during registration. Go to your Sporcle Settings to finish the process.

Report this User

Report this user for behavior that violates our Community Guidelines.

Details: